MARC

Tag First Indicator Second Indicator Subfields
LEADER 00000cam a22000008a 4500
001 in00000025051
005 20151007055713.0
008 871125s1988 enk b 00110 eng c
010 |a  87034203  
020 |a 0521340233 
035 |a (OCoLC)17234197 
035 |9 AAB9026AM 
040 |a DNLM/DLC  |c DLC  |d TXA  |d UtOrBLW 
049 |a TXAM  |c [A11689068] 
050 0 0 |a RA418.5.M4  |b D88 1988 
060 0 |a W 50 D981w 
082 0 |a 362.1  |2 19 
100 1 |a Dutton, Diana Barbara. 
245 1 0 |a Worse than the disease :  |b pitfalls of medical progress /  |c Diana B. Dutton, with contributions by Thomas A. Preston, Nancy E. Pfund. 
263 |a 8808 
264 1 |a Cambridge ;  |a New York :  |b Cambridge University Press,  |c 1988. 
300 |a xvi, 528 pages 
336 |a text  |b txt  |2 rdacontent 
337 |a unmediated  |b n  |2 rdamedia 
338 |a volume  |b nc  |2 rdacarrier 
504 |a Bibliography: pages 383-511. 
500 |a Includes index. 
650 0 |a Medical innovations  |x Social aspects  |x Case studies. 
650 0 |a Medical innovations  |x Social aspects. 
650 0 |a Medical innovations  |x Moral and ethical aspects  |x Case studies. 
650 0 |a Medical innovations  |x Moral and ethical aspects. 
650 0 |a Medical innovations  |x Economic aspects  |x Case studies. 
650 0 |a Medical innovations  |x Economic aspects. 
700 1 |a Preston, Thomas A.,  |d 1933- 
700 1 |a Pfund, Nancy E. 
740 0 |a Pitfalls of medical progress. 
999 |a MARS 
999 f f |s 7532cd59-cb09-36a4-9049-6bc360df0ce6  |i 87c29094-6fc1-3728-a7fc-ce4d4c767651  |t 0 
952 f f |p ric  |a Texas A&M University  |b Rellis Campus  |c Joint Library Facility  |d Remote Storage  |t 0  |e RA418.5.M4 D88 1988  |h Library of Congress classification  |i unmediated -- volume  |m A14811689068 
998 f f |a RA418.5.M4 D88 1988  |t 0  |l Remote Storage